Горещите нощи на Ингрид (Запис номер 86992)
[ съкратено ]
| 000 -Лидер | |
|---|---|
| Контролно поле с фиксирана дължина | nam a22 a 4500 |
| 003 - Код на организацията, давaща контролен номер | |
| Контролно поле | BLK |
| 005 - Дата и час на последна редакция | |
| Контролно поле | 20230306151529.0 |
| 008 - Елементи от данни с фиксирана дължина | |
| fixed length control field | 180408b bul|||||r ||||||| ||bul|| |
| 010 ## - Наследен системен номер | |
| LC control number | KNG00091621000 |
| 020 ## - Международен стандартен номер на книга ISBN | |
| Международен стандартен номер на книга ISBN | 954-439-060-Х |
| 040 ## - Източник на каталожния запис | |
| Идентификатор на билиотеката - собственик на записа | BLK |
| 041 ## - Код за език | |
| Код за езика на текст/звукозапис или на отделно заглавие | Български |
| Код за езика КДБФ | Български |
| 080 ## - УДК | |
| Текстов определител УДК | Немска литература |
| УДК код - определител по УДК | 821.112.2 |
| УДК определител | -31 |
| УДК - код + определител | 821.112.2-31 |
| 100 1# - Редна дума - Автор | |
| Автор | Рьослер, Кари |
| Авторска отговорност | първи автор |
| R(LIN) | 117991 |
| 139 ## - Редно поле | |
| Редна дума | Рьослер, Кари |
| Авторски знак | Ръс - Р 98 |
| 245 10 - Сведения за заглавието | |
| Заглавие | Горещите нощи на Ингрид |
| Подзаглавни данни | Роман |
| Редно поле (дума) | Кари Рьослер; прев. Екатерина Михайлова Колева. |
| 257 ## - Страна на издаване | |
| Страна на създаване/издаване | Германия |
| 260 ## - Област на издателските данни | |
| Място на издаване, разпространение и проч. | В. Търново |
| Име на издателя, разпространителя и проч. | Слово |
| -- | Абагар |
| Година на издаване | 1992 |
| 300 ## - Физическа характеристика | |
| Страници | 103 с. |
| Размери/Мащаб | 20 см |
| 380 ## - Жанр | |
| Жанр | Худож. лит. |
| 490 ## - СЕРИИ (Колекции) | |
| Име на серия | Любовни романи |
| №: серия | № 2 |
| 9 (RLIN) | 201194 |
| 500 ## - Общи забележки | |
| Забележка | Ориг. загл. Heisse Spur Nach Ibiza / Carrie Roessler. - 40 000 тир. |
| 653 ## - Ключова дума – ненормативна | |
| Ключова дума | романтична проза |
| 700 1# - Други автори (авторска отговорност) | |
| Лично име | Колева, Екатерина Михайлова |
| Автороска отговорност (Описва отношението между автора и произведението) | прев. |
| 9 (RLIN) | 302523 |
| 852 ## - Местоположение | |
| Форматна сигнатура | Цб 170029 |
| 856 4# - Електронен адрес и достъп | |
| Електронен формат | pdf - файл |
| Инструкция (цена за достъп) | 0.00 |
| Права за достъп | disable |
| 856 4# - Електронен адрес и достъп | |
| Електронен формат | pdf - файл |
| Инструкция (цена за достъп) | 0.00 |
| Права за достъп | disable |
| 999 ## - СИСТЕМНИ КОНТРОЛНИ НОМЕРА | |
| Koha biblionumber | 86992 |
| Koha biblioitemnumber | 86992 |
| 942 ## - АРТИКУЛИ | |
| Вид на библиотечния материал | Книги |
| Скрит в OPAC | Не |
| Периодичен библиозапис | Да |
| 944 ## - СЪЗДАВАНЕ И РЕДАКЦИЯ на ЗАПИСА | |
| Създаване/Редакция | Създаване |
| Дата на регистрацията/редакция | 28.09.2009 |
| Статус, дата на статуса | ф / |
| Служител, извършил регистрацията/редакцията | Людмила_Стоянова |
| 944 ## - СЪЗДАВАНЕ И РЕДАКЦИЯ на ЗАПИСА | |
| Създаване/Редакция | Редакция |
| Дата на регистрацията/редакция | 02.11.2009 |
| Статус, дата на статуса | ф / |
| 999 ## - СИСТЕМНИ КОНТРОЛНИ НОМЕРА | |
| Koha biblioitemnumber | 86992 |
| Код за отписване | Код за изгубен артикул | Източник на класификационната схема | Код за повреда | Коз за рестрикции | Код за отдаване | Артикулен № | Име на библиотеката - собственик | Име на библиотеката, в която се намира в момента | Статус (Текущо местоположение) | Дата на вписване в системата | Местоположение - отдел | Цена в лева | Инвентарен номер | Систематично азбучна сигнатура | Баркод | Номер на екземпляра | Цена в евро | Служебна бележка | Служебен тип на артикула |
|---|---|---|---|---|---|---|---|---|---|---|---|---|---|---|---|---|---|---|---|
| Изтеглен | Не е изгубен | Universal Decimal Classification | Не е повреден | без рестрикции | заемане за дома | 140756 | Регионална библиотека "Любен Каравелов" Русе | Регионална библиотека "Любен Каравелов" Русе | Заемна - подръчен фонд | 2009-09-25 | Заемна - подръчен фонд | 2.00 | 120000738470 | П 830-31/Р 98 | 120000738470 | 1 | 1.02 | Дост: DA Вид: А N: 12 Дата: 25.09.2009 Дата инв: 15.02.2018 Бележки инв: П2018 | Книги |
| Не е изгубен | Universal Decimal Classification | Не е повреден | без рестрикции | ползва се в читалня | 140757 | Регионална библиотека "Любен Каравелов" Русе | Регионална библиотека "Любен Каравелов" Русе | Хранилище | 1992-01-01 | Хранилище | 10.00 | 575182 | Цб 170029 | 120000575182 | 2 | 5.11 | Дост: Dp Вид: Д N: стар фонд Дата: 01.01.1992 | Книги | |
| Изтеглен | Не е изгубен | Universal Decimal Classification | Не е повреден | без рестрикции | заемане за дома | 140758 | Регионална библиотека "Любен Каравелов" Русе | Регионална библиотека "Любен Каравелов" Русе | Заемна - подръчен фонд | 1992-01-01 | Заемна - подръчен фонд | 10.00 | 573239 | П 830-31/Р 98 | 573239 | 3 | 5.11 | Дост: Pk Вид: Ф N: стар фонд Дата: 01.01.1992 | Книги |
| Изтеглен | Не е изгубен | Universal Decimal Classification | Не е повреден | без рестрикции | заемане за дома | 140759 | Регионална библиотека "Любен Каравелов" Русе | Регионална библиотека "Любен Каравелов" Русе | Заемна - подръчен фонд | 1992-01-01 | Заемна - подръчен фонд | 10.00 | 573240 | П 830-31/Р 98 | 573240 | 4 | 5.11 | Дост: Pk Вид: Ф N: стар фонд Дата: 01.01.1992 | Книги |